Statistics for Arsenal Top 10 Leaders

Click here to take the quiz!

General Stats

  • This quiz has been taken 198 times
  • The average score is 5 of 19

Answer Stats

GoalsAppsPlayer% Correct
228377Thierry Henry
100%
132278Robin van Persie
65%
185288Ian Wright
64%
0564David Seaman
61%
48669Tony Adams
58%
28618Lee Dixon
35%
12584Nigel Winterburn
19%
14722David O'Leary
15%
178396Cliff Bastin
13%
139184Ted Drake
8%
13528Pat Rice
7%
149481John Radford
6%
124208David Jack
5%
137244Doug Lishman
3%
68621George Armstrong
3%
139232Jimmy Brain
3%
125374Joe Hulme
3%
15477Peter Simpson
3%
17501Peter Storey
2%

Score Distribution

Percentile by Number Answered

Percent of People with Each Score

Your Score History

You have not taken this quiz